Normal view MARC view
  • Onn Mohd Jadi

Entry Personal Name

Number of records used in: 1

001 - CONTROL NUMBER

  • control field: 3378

003 - CONTROL NUMBER IDENTIFIER

  • control field: OSt

005 - DATE AND TIME OF LATEST TRANSACTION

  • control field: 20170511120344.0

008 - FIXED-LENGTH DATA ELEMENTS

  • fixed length control field: 170511|| aca||aabn | a|a d

040 ## - CATALOGING SOURCE

  • Original cataloging agency: OSt
  • Transcribing agency: OSt

100 ## - HEADING--PERSONAL NAME

  • Personal name: Onn Mohd Jadi

670 ## - SOURCE DATA FOUND

  • Source citation: Work cat.: (OSt)0: Okposin, Samuel Bassey 3373, Perubahan fasa ekonomi Malaysia /, 2003
Pusat Sumber Maklumat Dato' Haji Sarmin Md Hussin, Akademi Kastam Diraja Malaysia, Melaka
Tel: 06-2331106 | Faks: 06-2313787